| 000 | 00587nam a2200217Ia 4500 | ||
|---|---|---|---|
| 003 | LK-CoDNM | ||
| 005 | 20241212122815.0 | ||
| 008 | 121204t1997 xxu||||| |||| 00| 0 eng d | ||
| 040 |
_aLK-CoDNM _dLK-CoDNM _eLK-CoDNM |
||
| 041 | _aeng | ||
| 080 |
_aX8S1 _bWIJ |
||
| 100 | _aRohitha Wijayathilaka | ||
| 245 | _aආදරයේ උල්පත අම්මා | ||
| 246 | _aAdaraye Ulpatha Amma | ||
| 250 | _a2nd | ||
| 260 |
_bNirmani Padanama _aHomagama _c1997 |
||
| 300 | _b23p. ; 18 cm | ||
| 650 | _a1997 | ||
| 650 | _aකාව්ය නිර්මාණ | ||
| 942 | _cBK | ||
| 999 |
_c74626 _d74626 |
||